| 000 | 00454pam a2200157a 44500 | ||
|---|---|---|---|
| 008 | 230515b1971 xxu||||| |||| 00| 0 eng d | ||
| 020 | _aNULL | ||
| 041 | _aENGLISH | ||
| 082 | _a630 | ||
| 100 | _a6330-1971 | ||
| 245 | _aRECOMMENDATION FOR LIQUID FLOW MEAS IN OPEN CHANNELS BY WEIRS & FLUMES END DEPTH METHOD FOR ESTIMATION OF FLOW IN RECTANGULAR CHANNELS WITH A FOF | ||
| 250 | _a0 | ||
| 260 |
_aDELHI _bISI _c1971 |
||
| 300 | _a15 | ||
| 650 | _aNULL | ||
| 999 |
_c652245 _d652245 |
||